书目信息 |
| 题名: |
能量原理与结构分析
|
|
| 作者: | J.H.阿吉里斯 | |
| 分册: | ||
| 出版信息: | 北京 科学出版社 1978.08 |
|
| 页数: | 310页 | |
| 开本: | 32开 | |
| 丛书名: | ||
| 单 册: | ||
| 中图分类: | O343.6 | |
| 科图分类: | ||
| 主题词: | 固体力学 | |
| 电子资源: | ||
| ISBN: | ||
| 000 | 00535nam0 2200193 45 | |
| 001 | 0006211113 | |
| 005 | 20000621112702.7 | |
| 010 | @d2.00元 | |
| 100 | @a20000621d1978 km y0chiy0120 ea | |
| 101 | 0 | @achi |
| 105 | @a z 000yy | |
| 200 | 1 | @a能量原理与结构分析@ANeng Liang Yuan Li Yu Jie Gou Fen Xi@fJ.H.阿吉里斯@FJ.H.A Ji Li Si |
| 210 | @a北京@c科学出版社@d1978.08 | |
| 215 | @a310页@d32开 | |
| 606 | 0 | @a固体力学 |
| 690 | @aO343.6@v3 | |
| 701 | 0 | @aJ.H.阿吉里斯 |
| 801 | @aCN@bPftUser@c20000621 | |
| 905 | @b209108@dO343.6@eA451@f1 | |
| 能量原理与结构分析/J.H.阿吉里斯.-北京:科学出版社,1978.08 |
| 310页;32开 |
| ISBN :2.00元 |
| ● |
| 相关链接 |
|
|
|
正题名:能量原理与结构分析
索取号:O343.6/A451
 
预约/预借
| 序号 | 登录号 | 条形码 | 馆藏地/架位号 | 状态 | 备注 |
| 1 | 209108 | 202091084 | 自科二线504/504自科库 48排5列1层/ [索取号:O343.6/A451] | 在馆 |